000 01847cam a22003978i 4500
999 _c535751
_d535751
001 20344696
003 NUST
005 20200922155329.0
008 180129s2018 nju b 001 0 eng c
010 _a 2018001053
020 _a9781119078647 (cloth)
038 _aMSOHAIL
040 _aWaSeSS/DLC
_beng
_erda
_cWaSeSS
042 _apcc
050 0 0 _aTD353
_b.L57 2018
082 0 0 _a628.10285
_223
_bOWE
100 1 _aLloyd Owen, David A.,
_d1959-
_eauthor.
_930549
245 1 0 _aSmart water technologies and techniques :
_bdata capture and analysis for sustainable water management /
_cby Dr. David A. Lloyd Owen.
250 _aFirst edition.
263 _a1805
264 1 _aHoboken, NJ :
_bJohn Wiley & Sons,
_c2018.
300 _apages cm
336 _atext
_2rdacontent
337 _aunmediated
_2rdamedia
338 _avolume
_2rdacarrier
504 _aIncludes bibliographical references and index.
505 0 _aWhat do we mean by "smart water"? -- Why do we need smart water? -- The technologies and techniques driving smart water -- Domestic water and demand management -- Optimising how we manage water and wastewater -- Appropriate technology and development -- The other 70% : agriculture, horticulture and recreation -- Policies and practicalities for enabling smart water -- Obstacles to adoption -- Towards smart water management.
650 0 _aWater-supply
_xTechnological innovations.
_930550
650 0 _aWater reuse.
_91016
650 0 _aWater conservation.
_95903
650 0 _aSustainable development.
_930551
776 0 8 _iOnline version:
_aLloyd Owen, David A., 1959- author.
_tSmart water technologies and techniques
_bFirst edition.
_dHoboken, NJ : John Wiley & Sons, 2018
_z9781119078654
_w(DLC) 2018006053
906 _a7
_bcbc
_corignew
_d1
_eecip
_f20
_gy-gencatlg
942 _2ddc
_cBK